Rice economy : A case study of four villages in West Malaysia
1. Introduction; 2. Method of analysis; 3. Labour utilization in the double cropping areas;...
Đã lưu trong:
| 主要作者: | |
|---|---|
| 格式: | 图书 |
| 语言: | Undetermined |
| 出版: |
Kuala Lumpur
University of Malaya Press
1971
|
| 主题: | |
| 标签: |
添加标签
没有标签, 成为第一个标记此记录!
|
| Thư viện lưu trữ: | Trung tâm Học liệu Trường Đại học Cần Thơ |
|---|
| LEADER | 00789nam a2200229Ia 4500 | ||
|---|---|---|---|
| 001 | CTU_226579 | ||
| 008 | 210402s9999 xx 000 0 und d | ||
| 082 | |a 338.1 | ||
| 082 | |b P985 | ||
| 100 | |a Purcal, John T. | ||
| 245 | 0 | |a Rice economy : | |
| 245 | 2 | |b A case study of four villages in West Malaysia | |
| 245 | 0 | |c John T. Purcal | |
| 260 | |a Kuala Lumpur | ||
| 260 | |b University of Malaya Press | ||
| 260 | |c 1971 | ||
| 520 | |a 1. Introduction; 2. Method of analysis; 3. Labour utilization in the double cropping areas;... | ||
| 650 | |a Nông nghiệp,Agriculture,Agriculture | ||
| 650 | |x Khía cạnh kinh tế,Economic aspects,Economic aspects | ||
| 650 | |z Malaysia,Malaysia,Malaysia. | ||
| 910 | |b nthai | ||
| 980 | |a Trung tâm Học liệu Trường Đại học Cần Thơ | ||